Applied Regression and ANOVA Using SAS/ by Patricia F. Moodie, Dallas E. Johnson (Record no. 52427)

MARC details
000 -LEADER
fixed length control field 00570nam a22001697a 4500
003 - CONTROL NUMBER IDENTIFIER
control field OSt
008 - FIXED-LENGTH DATA ELEMENTS--GENERAL INFORMATION
fixed length control field 260629b |||||||| |||| 00| 0 eng d
020 ## - INTERNATIONAL STANDARD BOOK NUMBER
International Standard Book Number 9781439869512
082 ## - DEWEY DECIMAL CLASSIFICATION NUMBER
Classification number 519.5360285
Item number M81A
100 ## - MAIN ENTRY--PERSONAL NAME
Personal name Moodie, Patricia F.
245 ## - TITLE STATEMENT
Title Applied Regression and ANOVA Using SAS/ by Patricia F. Moodie, Dallas E. Johnson
260 ## - PUBLICATION, DISTRIBUTION, ETC. (IMPRINT)
Place of publication, distribution, etc Boca Raton :
Name of publisher, distributor, etc CRC Press
Date of publication, distribution, etc 2021.
300 ## - PHYSICAL DESCRIPTION
Extent xxi, 405 p.
650 ## - SUBJECT ADDED ENTRY--TOPICAL TERM
Topical term or geographic name as entry element Natural sciences & mathematics | Probabilities & applied mathematics | Mathematical statistics
700 ## - ADDED ENTRY--PERSONAL NAME
Personal name Johnson, Dallas E.
942 ## - ADDED ENTRY ELEMENTS (KOHA)
Source of classification or shelving scheme
Koha item type Books
Holdings
Withdrawn status Lost status Source of classification or shelving scheme Damaged status Not for loan Home library Current library Shelving location Date acquired Source of acquisition Cost, normal purchase price Total Checkouts Barcode Date last seen Bill Date Koha item type Bill Number
          Dr. Rajendra Prasad Central Agricultural University Pusa, Dr. Rajendra Prasad Central Agricultural University Pusa, General Stacks 29/06/2026 Today & Tomorrow Printers and Publishers 11199.00   87596 29/06/2026 29/01/2026 Books Bill No. IN-00449
Hosted, Implemented, Customized & Maintained by: BestBookBuddies

Powered by Koha